| 000 | 01416nam0a2200337 4500 | ||
|---|---|---|---|
| 001 | RU\NLR\BIBL_A\011696871 | ||
| 005 | 20180619142846.0 | ||
| 010 |
_a978-5-00045-558-6 _9100 |
||
| 021 |
_aRU _bКН-П-18-025697 _9КН-П-18-1880 |
||
| 035 | _a(NLR Aleph) 011696871 | ||
| 035 | _a(RuMoRGB)009600622 | ||
| 090 |
_a11368373 _c11368373 |
||
| 100 | _a20180510d2018 k y0rusy50 ba | ||
| 101 | 0 |
_aeng _drus _feng _frus _geng |
|
| 102 | _aRU | ||
| 105 | _ay j 000zy | ||
| 200 | 1 |
_aEnglish for historians _eучебное пособие _e[для студентов первого и второго курсов , обучающихся на факультете истории] _fГ. Н. Ленько, Т. В. Махмудова |
|
| 210 |
_aСанкт-Петербург _cАстерион _d2018 |
||
| 215 |
_a199 с. _d21 |
||
| 300 | _aРез. на рус. яз. | ||
| 320 | _aБиблиогр.: с. 198-199 (22 назв.) | ||
| 541 | 1 | _aАнглийский для историков | |
| 606 | 1 |
_aАнглийский язык _xУчебные издания для историков _2nlr_sh2 _3RU\NLR\AUTH\661432476 |
|
| 686 |
_aШ143.21-923.2 _2rubbk |
||
| 686 | 1 | _aШ143.21-93рус329.2 | |
| 700 | 1 |
_aLen'ko _bG. N. _gGalina Nikolaevna |
|
| 701 | 1 |
_aMachmudova _bT. V. _gTat'jana Vjačeslavovna |
|
| 942 | _cBOOK | ||
| 980 | _aNB | ||